000 00535nam a22001697a 4500
005 20251108164707.0
008 250721s2008 xx 000 0 ara d
082 1 4 _aم/ط/031/موس
245 1 0 _aموسوعة الناشئة في العلوم و المعارف /
264 1 _aبيروت :
_bأكاديميا انترناشيونال،
_c2008.
300 _a319ص.
650 1 7 _aالموسوعات
650 1 7 _aالمعارف العامه
653 _aناشاون كبار (15-18) سنه
942 _2ddc
_cBK
999 _c12006
_d12006